书目信息 |
| 题名: |
历史和现实的必然选择
|
|
| 作者: | 本书编写组 | |
| 分册: | ||
| 出版信息: | 北京 中国国际广播出版社 1990.05 |
|
| 页数: | 205页 | |
| 开本: | 19cm | |
| 丛书名: | ||
| 单 册: | ||
| 中图分类: | C51 | |
| 科图分类: | ||
| 主题词: | 社会科学--丛书 , 社会科学--多卷书 | |
| 电子资源: | ||
| ISBN: | 7-80035-593-4 | |
| 000 | 00564nam0 2200193 45 | |
| 001 | 0308271087 | |
| 005 | 20030827104640.8 | |
| 010 | @a7-80035-593-4@dRMB3.60 | |
| 100 | @a20030827d1990 km y0chiy0120 ea | |
| 101 | @achi | |
| 105 | @a z 000yy | |
| 200 | 1 | @a历史和现实的必然选择@Ali shi he xian shi de bi ran xuan ze@f本书编写组@Fben shu bian xie zu |
| 210 | @a北京@c中国国际广播出版社@d1990.05 | |
| 215 | @a205页@c无图表@d19cm | |
| 606 | 0 | @a社会科学@x丛书 |
| 606 | 0 | @a社会科学@x多卷书 |
| 690 | @aC51@v3 | |
| 801 | @aCN@b@c20030827 | |
| 905 | @aBZT@dC51@e108 | |
| 历史和现实的必然选择/本书编写组.-北京:中国国际广播出版社,1990.05 |
| 205页:无图表;19cm |
| ISBN 7-80035-593-4:RMB3.60 |
| ● |
| 相关链接 |
|
|
|
正题名:历史和现实的必然选择
索取号:C51/108
 
预约/预借
| 序号 | 登录号 | 条形码 | 馆藏地/架位号 | 状态 | 备注 |
| 1 | 7806 | 200517654 | 中心书库南/008架A面2层4列/ [索取号:C51/108] | 在馆 | |
| 2 | 7807 | 200517627 | 中心书库南/008架A面2层4列/ [索取号:C51/108] | 在馆 |